Movies Quiz

Random Movies or Actor Quiz

What Movie? Actors' Films by Initials II Quiz Stats

 Plays Quiz Updated Dec 23, 2017

Challenge
Share
Tweet
Embed
Score 0/45 Timer 09:00
3 Plays Today
Hint Answer % Correct
Jim CarreyLiar Liar
77.4%
Marlon BrandoThe Godfather
74.6%
Clint EastwoodThe Good, the Bad and the Ugly
71.8%
Marlon BrandoOn the Waterfront
67.9%
Sean ConneryYou Only Live Twice
67.3%
Clint EastwoodDirty Harry
66.8%
Denzel WashingtonMan on Fire
65.9%
Sean PennMilk
60.1%
Jim CarreyThe Truman Show
55.6%
Gary OldmanHarry Potter and the Prisoner of Azkaban
54.7%
Jim CarreyMan on the Moon
54.4%
George ClooneyUp in the Air
53.6%
Jim CarreyAce Ventura: When Nature Calls
53.3%
Woody HarrelsonWhite Men Can't Jump
52.5%
Sean PennMystic River
50.4%
Gary OldmanBatman Begins
44%
Clint EastwoodMillion Dollar Baby
43.7%
Woody HarrelsonNo Country for Old Men
41.9%
Denzel WashingtonRemember the Titans
38.6%
Denzel WashingtonAmerican Gangster
38.1%
Sean PennDead Man Walking
37.8%
Woody HarrelsonNatural Born Killers
37.8%
Denzel WashingtonThe Book of Eli
37.4%
Hint Answer % Correct
Marlon BrandoApocalypse Now
37.3%
Marlon BrandoA Streetcar Named Desire
34.4%
Sean ConneryIndiana Jones and the Last Crusade
34.2%
Sean PennFast Times at Ridgemont High
34.1%
Clint EastwoodEvery Which Way But Loose
33%
George ClooneyThree Kings
32.2%
Sean ConneryThe Hunt for Red October
30.7%
Jim CarreyI Love You Phillip Morris
30.6%
Gary OldmanTinker Tailor Soldier Spy
28.2%
Woody HarrelsonThe Hunger Games: Catching Fire
26.4%
George ClooneyGravity
24.8%
Gary OldmanThe Fifth Element
24.6%
Marlon BrandoMutiny on the Bounty
23.7%
George ClooneyFrom Dusk Till Dawn
22.8%
Sean ConneryFinding Forrester
21.9%
Clint EastwoodHigh Plains Drifter
21.9%
Woody HarrelsonNow You See Me
20.8%
Sean ConneryHighlander
20.3%
Denzel WashingtonDeja Vu
19.2%
Gary OldmanAir Force One
18.8%
George ClooneyThe Perfect Storm
12.2%
Sean PennThe Thin Red Line
9.4%

You're not logged in!

Compare scores with friends on all Sporcle quizzes.
Join for Free
OR
Log In

You Might Also Like...

Show Comments

Extras

Top Quizzes Today


Score Distribution

Your Account Isn't Verified!

In order to create a playlist on Sporcle, you need to verify the email address you used during registration. Go to your Sporcle Settings to finish the process.

Report this User

Report this user for behavior that violates our Community Guidelines.

Details: